Statistics for 2019 NCAA Tournament Teams

Click here to take the quiz!

General Stats

  • This quiz has been taken 7,450 times
  • The average score is 35 of 68

Answer Stats

Answer% Correct
Duke
95%
North Carolina
92%
Michigan
91%
Virginia
87%
Michigan State
85%
Florida
84%
Kentucky
83%
Kansas
82%
Gonzaga
80%
Florida State
77%
Oregon
77%
Tennessee
76%
Texas Tech
75%
Ohio State
72%
Washington
70%
Iowa
69%
LSU
68%
Oklahoma
68%
Wisconsin
67%
Kansas State
66%
Villanova
66%
Arizona State
64%
Virginia Tech
63%
Minnesota
62%
Purdue
62%
Auburn
61%
Maryland
61%
Syracuse
61%
Mississippi
60%
Iowa State
58%
Yale
56%
Louisville
55%
Baylor
54%
Nevada
52%
Houston
51%
Mississippi State
47%
UCF
47%
Marquette
46%
Utah State
46%
New Mexico State
45%
Cincinnati
44%
Murray State
41%
VCU
41%
Buffalo
40%
St. John's
39%
Seton Hall
38%
Vermont
38%
Belmont
37%
Montana
37%
North Dakota State
37%
St. Mary's
37%
Temple
37%
Georgia State
35%
Wofford
35%
UC Irvine
33%
Liberty
32%
St. Louis
29%
Bradley
26%
Iona
26%
Gardner-Webb
25%
Colgate
24%
Northeastern
23%
Old Dominion
22%
Fairleigh Dickinson
20%
Northern Kentucky
20%
NC Central
19%
Abilene Christian
17%
Prairie View A&M
16%

Score Distribution

Percentile by Number Answered

Percent of People with Each Score

Your Score History

You have not taken this quiz